Modelos de informes de auditora̕ y otras opiniones del auditor

Detalles Bibliográficos
Formato: eBook
Lenguaje:español
Publicado: Mx̌ico DF: Instituto Mexicano de Contadores Pb︢licos, 2017
Materias:
Acceso en línea:Acceso restringido

MARC

LEADER 00000nam a22000007a 4500
005 20170601000858.0
007 cr|||| ||||
008 170601s2017 mx |||||s|||| 00||0 spa d
020 |a 978-607-8463-72-5 
035 |a 20310 
040 |a vLex 
090 |c 6737  |d 6737 
245 0 0 |a Modelos de informes de auditora̕ y otras opiniones del auditor  |h [Recurso electrn̤ico] / 
256 |a Servicio en ln̕ea 
260 |a Mx̌ico DF:  |b Instituto Mexicano de Contadores Pb︢licos,  |c 2017 
300 |a 1 recurso electrn̤ico 
506 1 |a Disponible solo en los productos indicados  |d vLex Global  |d vLex Global (Academic Edition, excluding Law Schools)  |d vLex Global (U.S. Academic Edition, Law Schools)  |d vLex Global (U.S. Academic Edition, excluding Law Schools)  |d vLex Global (Academic Edition, Law Schools) 
650 0 4 |a Contabilidad  |z Mx̌ico 
740 0 |a vLex Libros (Servicio en ln̕ea) 
856 4 0 |u http://vlex.com/source/modelos-informes-auditoria-opiniones-auditor-20310  |z Acceso restringido 
942 |c BOOK 
999 0 |a Accounting